| 000 | 00425nam a2200181Ia 4500 | ||
|---|---|---|---|
| 008 | 230524s9999 xx 000 0 und d | ||
| 020 | _a9780070583894 | ||
| 082 |
_a621.382 _bSIN |
||
| 100 | _aM.D.Singh | ||
| 245 | 0 | _aPower Electronics | |
| 250 | _a7TH | ||
| 260 |
_aNEW DELHI _bTMH _c2005 |
||
| 300 | _aXV;1041 | ||
| 500 | _aQuantity Number: 44 | ||
| 650 | _aElectrical | ||
| 700 | _a K.B.Khanchanvari | ||
| 942 | _cBK | ||
| 999 |
_c30370 _d30370 |
||